000 00791nam a2200205 a 4500
001 000023500
005 20200930022249.0
008 101209s1995 sp r 000 p spa d
020 _a8487277918
040 _aDO-SdBNP
_bspa
_cBNPHU
082 _a868.99
_bP925t
245 0 0 _aPremios Tiflos de poesía (escritores ciegos) :
_bantología 1986-1993 /
_cedición al cuidado de Ángel García López y Vicenta Blanco Ferrero; prólogo de José Hierro.
260 _aMadrid, (España) :
_bOrganización Nacional de Ciegos Españoles,
_c1995.
300 _a147 p. ;
_c18 cm.
650 4 _aPoesía hispañoamericanos
_948426
650 4 _aPoesía amorosa
_99227
700 1 _aLópez , García
_bed.
_948427
700 1 _aBlanco Ferrero, Vicenta
_eed.
_948428
700 1 _aHierro, José
_epról.
_948429
999 _c22996
_d22996